Robert Mundell sa stal "krstným otcom eura"

Robert Mundell, nositeľ Nobelovej ceny za ekonómiu za rok 1999 určil optimálne menové oblasti a preskúmal vplyv mobility kapitálu. Prehľad osobných údajov, jeho kariéra a najdôležitejšie diela. Teoretický prínos R. Mundella k súčasnému chápaniu medzinárodného menového systému a globalizácie a takti...

Descrizione completa

Salvato in:
Dettagli Bibliografici
Autore principale: Riecke, Torsten
Natura: Capitolo di libro
Lingua:slovacco
Soggetti:
Tags: Aggiungi Tag
Nessun Tag, puoi essere il primo ad aggiungerne!!

MARC

LEADER 00000naa$a2200000$$$4500
001 0018123
005 20231004124553.7
041 0 |a slo 
044 |a SK 
245 1 0 |a Robert Mundell sa stal "krstným otcom eura"  |c aut. Torsten Riecke 
520 |a Robert Mundell, nositeľ Nobelovej ceny za ekonómiu za rok 1999 určil optimálne menové oblasti a preskúmal vplyv mobility kapitálu. Prehľad osobných údajov, jeho kariéra a najdôležitejšie diela. Teoretický prínos R. Mundella k súčasnému chápaniu medzinárodného menového systému a globalizácie a taktiež k výskumu krátkodobého vplyvu peňažnej a fiškálnej politiky v rámci malého otvoreného národného hospodárstva. 
610 2 0 |a Nobelova cena 
610 2 0 |a ekonómovia 
610 2 0 |a životopisy 
610 2 0 |a mena 
610 2 0 |a euro 
610 2 0 |a eurozóna 
610 2 0 |a globalizácia 
610 2 0 |a únie menové 
610 2 0 |a politika fiškálna 
610 2 0 |a teória zón menových optimálnych 
610 2 0 |a Mundell, R. 
610 2 0 |a 1999 
100 1 |a Riecke, Torsten